|
|
|
|
| LEADER |
00000cam a2200000 a 4500 |
| 001 |
vtls001515786 |
| 003 |
SK-MaSNL |
| 005 |
20260302040844.0 |
| 008 |
251112s1578 it ac 000 0 ita |
| 035 |
|
|
|a 4890Bap
|
| 040 |
|
|
|a SNK
|b slo
|c SNK
|e AACR2
|
| 041 |
0 |
|
|a ita
|
| 044 |
|
|
|a it
|c IT
|
| 072 |
|
7 |
|a 821.131.1
|x Talianska literatúra
|2 konspekt
|
| 080 |
|
|
|a 821.131.1
|2 2011
|
| 100 |
0 |
|
|a Dante Alighieri,
|d 1265-1321
|4 aut
|9 161417
|
| 245 |
1 |
0 |
|a Dante Con L`Espositioni Di Christoforo Landino, Et D`Alessandro Vellvtello. Sopra la sua Comedia dell`Inferno, del Purgatorio, ﮟ del Paradiso. Con Tauole, Argomenti, & Allegorie, & riformato, riueduto, & ridotto alla sua vera Lettura, Per Francesco Sansovino Fiorentino
|
| 246 |
1 |
3 |
|a Comedia
|
| 260 |
|
|
|a In Venetia
|b Appresso Giouambattista, Marchio Sessa, ﮟ Fratelli. Appresso gli Heredi di Francesco Rampazetto. Ad instantia di Giovambattista, Marchio Sessa, ﮟ Fratelli
|c 1578
|
| 300 |
|
|
|a [28], 392 listov
|b drevorezy, portrét
|c fol. 31 x 22 cm
|
| 500 |
|
|
|a V diele sa nachádzajú životopisy autora od Cristofora Landina a Alessandra Vellutella
|
| 500 |
|
|
|a Údaje do impresa doplnené aj z kolofónu. Na titulnom liste je uvedené len: In Venetia, Appresso Giouambattista, Marchio Sessa, ﮟ Fratelli. 1578
|
| 500 |
|
|
|a Signet, vlysy, vinety, iniciálky s ornamentálnym a figurálnym pozadím v rámčeku na 5 - 12 riadkov, drevorezy s náboženskou tematikou k textu, portrét autora, kustódy
|
| 504 |
|
|
|a Marginálie
|
| 508 |
|
|
|a Pref.: Landino, Cristoforo; ded.: Gonzaga, Guglielmo; Rampazetto, Giovanni Antonio; Ficino, Marsiglio; Vellutello, Alessandro; Paulus III. - pápež
|
| 510 |
0 |
|
|a Le edizioni A/1174
|
| 561 |
|
|
|a Z knižnice františkánov v Bratislave.
|5 SNK IB 73855
|
| 562 |
|
|
|a Rukopisné poznámky v latinčine k dielu.
|5 SNK IB 73855
|
| 563 |
|
|
|a Väzba: pôvodná, pergamenová, stopy po šnúrkach, chrbát červený.
|5 SNK IB 73855
|
| 650 |
0 |
7 |
|a talianska literatúra
|2 SNKPH
|9 1215
|
| 655 |
|
7 |
|a staré tlače
|2 SNKPH
|9 69193
|
| 700 |
1 |
|
|a Gonzaga, Guglielmo,
|d 1538-1587
|4 hnr
|9 127954
|
| 700 |
1 |
|
|a Landino, Cristoforo
|4 aui
|4 aka
|4 oth
|9 691685
|
| 700 |
1 |
|
|a Vellutello, Alessandro
|4 aka
|4 dto
|4 oth
|9 691686
|
| 700 |
1 |
|
|a Sansovino, Francesco
|4 zos
|9 691687
|
| 700 |
1 |
|
|a Rampazetto, Giovanni Antonio
|d 16./17. stor
|4 dto
|9 130053
|
| 700 |
1 |
|
|a Rampazetto, Francesco,
|c dedičia,
|d 16. stortoročie
|4 prt
|9 130052
|
| 700 |
1 |
|
|a Sessa, Melchiorre
|b II.,
|d 16. storočie
|4 prt
|9 130430
|
| 700 |
1 |
|
|a Sessa, Giovanni Battista,
|c mladší,
|d 16./17. storočie
|4 prt
|9 179243
|
| 700 |
1 |
|
|a Ficino, Marsiglio,
|d 1433-1499
|4 dto
|9 127618
|
| 700 |
0 |
|
|a Pavol
|b III.,
|c pápež,
|d 1468-1549
|4 hnr
|9 56613
|
| 710 |
0 |
|
|a Sessa, Giovanni Battista mladší - Sessa, Melchiorre mladší (Benátky, Taliansko),
|d 1564-1578
|4 prt
|9 192798
|
| 710 |
1 |
|
|a Františkáni (Bratislava, Slovensko)
|4 fmo
|9 281881
|
| 752 |
|
|
|a Taliansko
|d Benátky
|
| 852 |
|
|
|a snk
|b Historické fondy
|p IB 73855
|
| 958 |
|
|
|a ONDV
|
| 999 |
|
|
|c 1076331
|d 1078261
|
| 952 |
|
|
|t Fr Ba 4890
|a SNK
|b SNK
|c SNK_HF
|y PREZ
|7 0
|p 17A1357438
|o snkIB 73855
|i snk2019/31206
|8 5
|0 0
|1 0
|4 0
|d 2005-04-05
|f 1
|l 0
|r 2005-04-05 00:00:00
|w 2026-02-24
|